00839nam a2200181 a 450000100100000000500170001000800410002704000250006808200140009310000350010724501450014226000570028730000200034450001540036404900090051895201130052799900170064000002869020200930055059.0110411s1992 gw 000 0 spa d aDO-SdBNPbspacBNPHU axxxbZ72f1 aZimmerling, Ruthd1953-95566910aEl futuro de América Latina en el mercado mundial :bintegración regional versus integración en el mercado mundial /cRuth Zimmerling. aBonn, Alemania :bFriedrich Ebert Stiftung,c[1992]. a24 p. ;c21 cm. aInforme sobre la Conferencia Internacional realizada 24 y 25 de marzo de 1992 en Francfort del Meno en cooperacion con la Ciudadde Francfort del Meno aBNPD 0010507-18MOaPDbPDcOId2011-04-11iLF1l0oxxx Z72fp28690-10r2020-06-25w2020-06-25y1ZNo se presta c28182d28182